ARRUPE JESUIT UNIVERSITY

CORONAVIRUS -STOP THE SPREAD - CLEAN,DISINFECT,COVER

Time for hope : (Record no. 125076)

MARC details
000 -LEADER
fixed length control field 01613cam a2200337 a 4500
001 - CONTROL NUMBER
control field 14411157
003 - CONTROL NUMBER IDENTIFIER
control field ARRUPE
005 - DATE AND TIME OF LATEST TRANSACTION
control field 20160909115420.0
008 - FIXED-LENGTH DATA ELEMENTS--GENERAL INFORMATION
fixed length control field 060613s2006 nyu b 001 0 eng
010 ## - LIBRARY OF CONGRESS CONTROL NUMBER
LC control number 2006019628
020 ## - INTERNATIONAL STANDARD BOOK NUMBER
International Standard Book Number 0826419151
020 ## - INTERNATIONAL STANDARD BOOK NUMBER
International Standard Book Number 9780826419156
035 ## - SYSTEM CONTROL NUMBER
System control number (OCoLC)ocm70176808
035 ## - SYSTEM CONTROL NUMBER
System control number (OCoLC)70176808
040 ## - CATALOGING SOURCE
Original cataloging agency DLC
Transcribing agency DLC
Modifying agency BAKER
-- C#P
-- BTCTA
-- YDXCP
-- DLC
050 00 - LIBRARY OF CONGRESS CALL NUMBER
Classification number BV4638
Item number .K47 2006
082 00 - DEWEY DECIMAL CLASSIFICATION NUMBER
Classification number 234/.25
Edition number 22
300 ## - PHYSICAL DESCRIPTION
Dimensions 24 cm.
100 1# - MAIN ENTRY--PERSONAL NAME
Personal name Keshgegian, Flora A.,
Dates associated with a name 1950-
9 (RLIN) 25305
245 10 - TITLE STATEMENT
Title Time for hope :
Remainder of title practices for living in today's world /
Statement of responsibility, etc Flora A. Keshgegian.
260 ## - PUBLICATION, DISTRIBUTION, ETC. (IMPRINT)
Place of publication, distribution, etc New York :
Name of publisher, distributor, etc Continuum,
Date of publication, distribution, etc c2006.
300 ## - PHYSICAL DESCRIPTION
Extent x, 230 p. ;
504 ## - BIBLIOGRAPHY, ETC. NOTE
Bibliography, etc Includes bibliographical references and index.
505 0# - FORMATTED CONTENTS NOTE
Formatted contents note Divine comedy: Christian narratives of history and hope -- Outside the lines: contemporary threats and challenges -- Are we there yet? rethinking the journey -- Black holes and fractured fairy tales: trauma and tragedy in history -- Here and now: moments in the hallowing of time -- The habitation of time: contours of hope -- Practices of habitation: hope for life -- Epilogue: time's tale.
650 #0 - SUBJECT ADDED ENTRY--TOPICAL TERM
Topical term or geographic name as entry element Hope
General subdivision Religious aspects
-- Christianity.
9 (RLIN) 25306
650 #0 - SUBJECT ADDED ENTRY--TOPICAL TERM
Topical term or geographic name as entry element Time
General subdivision Religious aspects
-- Christianity.
9 (RLIN) 21111
650 #0 - SUBJECT ADDED ENTRY--TOPICAL TERM
Topical term or geographic name as entry element Storytelling
General subdivision Criticism, interpretation, etc.
9 (RLIN) 25307
650 #0 - SUBJECT ADDED ENTRY--TOPICAL TERM
Topical term or geographic name as entry element Christian life.
9 (RLIN) 25308
906 ## - LOCAL DATA ELEMENT F, LDF (RLIN)
a 7
b cbc
c orignew
d 1
e ecip
f 20
g y-gencatlg
942 ## - ADDED ENTRY ELEMENTS (KOHA)
Source of classification or shelving scheme Library of Congress Classification
Koha item type Monograph ( Printed materials)
Holdings
Withdrawn status Lost status Source of classification or shelving scheme Damaged status Not for loan Collection code Home library Current library Shelving location Date acquired Total Checkouts Full call number Barcode Date last seen Price effective from Koha item type
    Library of Congress Classification     Main Collection ARRUPE LIBRARY ARRUPE LIBRARY Main Collection 23/08/2016   BV4638 .K47 2006 46500010304 24/01/2017 23/08/2016 Monograph ( Printed materials)

 

Arrupe Library. PO Box MP320 Mt Pleasant, Harare, Zimbabwe
263 242 745411|librarian@aju.ac.zw